Responses for show #4253 - Wednesday, February 12, 2003

2003 Teen Tournament semifinal game 3.

Contestants

[<< previous game]

John Zhang, a junior from Lexington, Kentucky

Stephanie Ehresman, a senior from Shirley, New York

Ben Swartz, a senior from Manassas, Virginia

[next game >>]

Jeopardy! Round responses

ART & ARTISTS
POP MUSIC
BIBLICAL CLOTHES RACK
I'M A SPINELESS JELLYFISH
BABYSITTING TIPS
FILE UNDER "Z"
    $200 7
the Louvre

John
    $200 11
Gwen Stefani

Stephanie
    $200 26
David

John
    $200 1
invertebrates

Ben
    $200 4
allergies

Stephanie
    $200 19
Zeus

Ben
    $400 8
Joan of Arc

John
    $400 12
Avril Lavigne

John
    $400 27
Joseph

John
    $400 2
water

Ben
    $400 5
G

Ben
    $400 21
zucchini

Ben
    $1,200 9
Pablo Picasso

John
    $600 14
"Hero"

Ben
    $600 28
Aaron

John
    $600 3
Sherlock Holmes

Stephanie
    $600 6
Red Cross

John
    $600 23
zoology

John
    $800 10
Edgar Degas

Stephanie
    $800 16
"Soak Up the Sun"

John
    $800 29
Adam

John
    $800 15
tentacles

John
    $800 18
poison control centers

John
    $800 24
Zimbabwe

Stephanie
    $1000 13
(Stephanie: Who is El Greco?)

Paul Gauguin

StephanieJohn
    $1000 17
John Mayer

Stephanie
    $1000 30
Isaac

Triple Stumper
    $1000 22
Medusa

Ben
    $1000 20
(Ben: What is a lullaby?)

night light

BenStephanie
    $1000 25
Zurich

John

Scores at the first commercial break (after clue 16):

Ben Stephanie John
$1,600 $800 $5,400

Scores at the end of the Jeopardy! Round:

Ben Stephanie John
$2,200 $3,600 $9,800

Double Jeopardy! Round responses

ANNE FRANK
METRICKY PROBLEMS
AROUND A MONOPOLY BOARD
(Alex: Classic version of the game.)
ENTERTAINING VILLAINS
POPULATIONS
ALLITERATION ALL AROUND
    $400 1
Otto Frank (her father)

Stephanie
    $400 7
ton

John
    $400 24
$200

Ben
    $400 2
(John: Who is the Jester?)

the Riddler

BenJohn
    $400 8
Hawaii

John
    $400 12
credit cards

Stephanie
    $800 22
(Ben: What is Poland?)
(Stephanie: What is Austria?)

Germany

BenStephanieJohn
    $800 11
10-gallon hats

Stephanie
    $800 25
(Ben: What is...)

Luxury Tax or Income Tax

BenJohn
    $800 3
professional wrestling

Triple Stumper
    $800 9
New York, Chicago & Los Angeles

Ben
    $800 13
Ding Dongs

Ben
    $1200 23
(Stephanie: What is 16?)

15

BenStephanie
    $3,000 19
(John: What is the milliliter?)

gram

John
    $1200 27
Go!

Ben
    $1200 4
the Green Goblin

Ben
    $1200 10
(Stephanie: What is California?)

Florida

Stephanie
Triple Stumper
    $1200 16
"The Two Towers"

John
    $1600 26
Kitty

Stephanie
    $1600 20
cubic meter

John
    $1600 28
4

Ben
    $1600 5
Goldfinger

Ben
    $2,000 14
China & India

Ben
    $1600 17
flash flood

John
    $2000 30
yellow

John
    $2000 21
hectare

Stephanie
    $2000 29
Go to Jail

John
    $2000 6
Tim Roth

Triple Stumper
    $2000 15
Ontario

Stephanie
    $2000 18
B'nai Brith

Triple Stumper

Scores at the end of the Double Jeopardy! Round:

Ben Stephanie John
$11,800 $7,600 $17,200

[wagering suggestions for these scores]

Final Jeopardy! Round responses

NEW ENGLAND
StephanieWhat is New Hampshire?
$7,600
BenWhat is Vermont?
$5,401
JohnWhat is Vermont
$6,401
Vermont

Final scores:

Ben Stephanie John
$17,201 $0 $23,601
2nd place: $5,000 3rd place: $5,000 Finalist

Game dynamics:

Coryat scores:

Ben Stephanie John
$11,400 $7,600 $19,600
17 R
(including 1 DD),
3 W
13 R,
4 W
24 R
(including 1 DD),
2 W
(including 1 DD)

Combined Coryat: $38,600

The J! Archive is created by fans, for fans. The Jeopardy! game show and all elements thereof, including but not limited to copyright and trademark thereto, are the property of Jeopardy Productions, Inc. and are protected under law. This website is not affiliated with, sponsored by, or operated by Jeopardy Productions, Inc. Join the discussion at JBoard.tv.